| 000 | 00423nam a2200157 4500 | ||
|---|---|---|---|
| 001 | 120419 | ||
| 003 | ES-MaACL | ||
| 005 | 20230906191540.0 | ||
| 007 | t| | ||
| 008 | 070214s1910 it r ||||1| ita d | ||
| 100 | 1 |
_aPistolessi, G. _992384 |
|
| 245 | 1 | 2 |
_aL'imitazione _b: studio di Psicologia / _cG. Pistolessi. |
| 260 |
_aTorino : _bFratelli Bocca, _c1910. |
||
| 300 |
_a191 p. ; _c20 cm. |
||
| 852 |
_aES-MaACL _jF-6093 |
||
| 999 |
_c120419 _d120419 |
||